000 00339nab a22001097u 4500
008 130520b1986 xxu||||| |||| 00| 0 spa d
041 _aspa
100 1 _aKnitter, P.
_967153
245 0 0 _aLa teología de la religiones en el pensamiento católico
_cP. Knitter
773 0 _tConcilium
_gV.1,1986,págs.123-134
_x0210-1041
_wRev134
942 _cAR
999 _c355197
_d355197